| 000 | 00744cab a2200205 4500 | ||
|---|---|---|---|
| 001 | WB3045-62 | ||
| 008 | 090401t1994 xxu||||| |||| 00| 0 eng d | ||
| 035 | _a(Sirsi) u16643 | ||
| 041 | _aeng | ||
| 245 | _aAgents lose cash | ||
| 260 | _c1994 | ||
| 350 | _a0 | ||
| 490 |
_aEstates Times _v(1259) 25 November 1994, 4(1) |
||
| 520 | _aHundreds of London agents have been left out of pocket by the collapse of the Estate Agents Services Association, a clearing house for commercial property particulars and requirements, which has ceased trading. | ||
| 650 | _aESTATE AGENTS SERVICES ASSOCIATION | ||
| 650 | _aVOLUNTARY LIQUIDATION | ||
| 690 | _aMANAGEMENT-BUSINESS MANAGEMENT-PROFESSIONAL PRACTICE | ||
| 942 | _n0 | ||
| 948 | _c04/03/1997 | ||
| 999 |
_c10986 _d10986 |
||